Canterbury CC v Colley and another (Record no. 40557)

MARC details
000 -LEADER
fixed length control field 01300cab a2200229 4500
001 - CONTROL NUMBER
control field ABS48114
008 - FIXED-LENGTH DATA ELEMENTS--GENERAL INFORMATION
fixed length control field 090401t1993 xxu||||| |||| 00| 0 eng d
035 ## - SYSTEM CONTROL NUMBER
System control number (Sirsi) u65069
041 ## - LANGUAGE CODE
Language code of text/sound track or separate title eng
245 ## - TITLE STATEMENT
Title Canterbury CC v Colley and another
260 ## - PUBLICATION, DISTRIBUTION, ETC.
Date of publication, distribution, etc. 1993
350 ## - PRICE (NR) (BK AM CF MU VM SE) [OBSOLETE]
Price 0
490 ## - SERIES STATEMENT
Series statement All England Law Reports
Volume/sequential designation (1993) 1 All ER 591-598(5)
520 ## - SUMMARY, ETC.
Summary, etc. HL 21 January 1993. Concerned reactivation of planning permission for a dwelling house 25 years after its grant. Although a new application for the same site was refused, the council concluded, after some dispute, that the original permission was still valid. Shortly afterwards this acceptance was rescinded by order and subsequently by public inquiry. The applicants sought compensation under the Town and Country Planning Act 1971. LT made an award of £106,750, against which the council appealed claiming that s164 had been misinterpreted and that without planning permission the level of compensation should be less. CA agreed and the applicants appealed to the House of Lords. Appeal dismissed.
650 ## - SUBJECT ADDED ENTRY--TOPICAL TERM
Topical term or geographic name entry element COMPENSATION
650 ## - SUBJECT ADDED ENTRY--TOPICAL TERM
Topical term or geographic name entry element PLANNING PERMISSION
650 ## - SUBJECT ADDED ENTRY--TOPICAL TERM
Topical term or geographic name entry element REVOCATION
650 ## - SUBJECT ADDED ENTRY--TOPICAL TERM
Topical term or geographic name entry element TOWN AND COUNTRY PLANNING ACT 1971 S164
690 ## - LOCAL SUBJECT ADDED ENTRY--TOPICAL TERM (OCLC, RLIN)
Topical term or geographic name as entry element PLANNING LAW AND PRACTICE-CASE LAW
942 ## - ADDED ENTRY ELEMENTS (KOHA)
Suppress in OPAC 0
948 ## - LOCAL PROCESSING INFORMATION (OCLC); SERIES PART DESIGNATOR (RLIN)
c (OCLC) 04/03/1997
Holdings
Withdrawn status Lost status Source of classification or shelving scheme Damaged status Not for loan Home library Current library Shelving location Date acquired Total Checkouts Full call number Barcode Date last seen Copy number Price effective from Koha item type
    Dewey Decimal Classification     London London Journal article 14/09/1999   ABS48114 65069-1001 06/08/2019 1 06/08/2019 Law report